000 00703nam a2200181 i 4500
001 89585
003 ES-MaACL
005 20230906180227.0
007 t|
008 050111s1904 fr ||||1| fre d
100 1 _aLassalle, Ferdinand.
_9128724
245 1 0 _aThéorie systématique des droits acquis, conciliation du droit positif et de la philosophie du droit /
_cpar Ferdinand Lasalle ; traduction... par J. Bernard ... [et al.] ; revue et accompagnée d'une préface par Charles Andler.
260 _aParís :
_b[s.n.,
_c1904] (
_eSaint Amand :
_fImp. Bussiere)
300 _a2 v. ;
_c23 cm.
700 1 _aBernard, J.
_928240
700 1 _aAndler, Charles.
_921494
852 _aES-MaACL
_jF-14137-38
999 _c89585
_d89585